000 00328nam a2200145Ia 4500
008 230312s9999||||xx |||||||||||||| ||und||
082 _a820
_bSHA-H
100 _aShakespeare, William
245 0 _aHamlet
260 _bFamous Products
_aPakistan
_c2007
300 _a471
546 _aEng.
650 _aLiterature
942 _cBK
999 _c6025
_d6025